Sabiston & Spencer surgery of the chest / (Record no. 64137)
[ view plain ]
| 000 -الفاتح | |
|---|---|
| حقل البيانات ثابتة الطول | 01786cam a2200289 i 4500 |
| 005 - وقت وتاريخ اخر تعامل مع التسجيلة | |
| رقم الضبط | 20240530110716.0 |
| 008 - عناصر البيانات ثابتة الطول - معلومات عامة | |
| حقل البيانات ثابتة الطول | 150521s2016 paua b 001 0 eng |
| 017 ## - رقم الايداع القانونى | |
| المصدر ( الهيئة المختصة) | مصر. دار الكتب |
| 020 ## - الرقم الدولى المعيارى للكتب | |
| الرقم الدولى المعيارى للكتاب | 9780323241267 (hardcover : volume 12) |
| 035 ## - رقم ضبط النظام | |
| رقم ضبط النظام | (DNLM)101659270 |
| 040 ## - مصدر الفهرسة | |
| وكالة الفهرسة الأصلية | DNLM/DLC |
| وكالة النسخ | DLC |
| قواعد الوصف | rda |
| وكالة التعديل | DLC |
| 082 04 - رقم تصنيف ديوى العشرى | |
| رقم الطبعة | 21 |
| رقم التصنيف | 617.54\ |
| رقم المادة | S S |
| 245 00 - بيان العنوان | |
| العنوان | Sabiston & Spencer surgery of the chest / |
| بيان المسئوليه,etc | [edited by] Frank W. Sellke, MD, Karl Karlson & Gloria Karlson Professor and Chief of Cardiothoracic Surgery, Warren Alpert Medical School of Brown University and Rhode Island Hospital, Director, Lifespan Cardiovascular Institute, Providence, Rhode Island, Pedro J. del Nido, MD, William E. Ladd Professor of Surgery, Harvard Medical Scool, Chairman, Department of Cardiac Surgery, Boston Children's Hospital, Boston, Massachusetts, Scott J. Swanson, MD, Director, Minimally Invasive Thoracic Surgery, Brigham and Women's Hospital, Vice Chair, Cancer Affairs, Department of Surgery, Brigham and Women's Hospital, Chief Surgical Officer, Dana-Farber Cancer Institute, Professor of Surgery, Harvard Medical School, Boston, Massachusetts. |
| 246 1# - العنوان الموازى | |
| عنوان صحيح/عنوان مختصر | Sabiston and Spencer surgery of the chest |
| 246 1# - العنوان الموازى | |
| عنوان صحيح/عنوان مختصر | Surgery of the chest |
| 250 ## - بيان الطبعة | |
| بيان الطبعة | Edition 9. |
| 300 ## - الوصف المادى | |
| التعداد | 2 volumes (xxix, 2410, 48 pages) : |
| تفاصيل ماديه اخرى للوعاء | illustrations (some color) ; |
| أبعاد الوعاء | 29 cm |
| 504 ## - تبصرة ببليوجرافية | |
| تبصرة ببليوجرافية,الخ | Includes bibliographical references and index. |
| 650 12 - المدخل الاضافى بالموضوع-مصطلح موضوعى | |
| مصطلح موضوعي | Thoracic Surgical Procedures |
| التقسيم الفرعي العام | methods. |
| مصدر الرأس أو المصطلح | qrmak |
| 651 ## - المدخل الاضافى بالموضوع - اسم جغرافى | |
| مصدر الرأس أو المصطلح | qrmak |
| 700 1# - المدخل الاضافى - اسم شخصى | |
| الإسم الشخصى | Sellke, Frank W., |
| الدور | editor. |
| 700 1# - المدخل الاضافى - اسم شخصى | |
| الإسم الشخصى | Del Nido, Pedro J., |
| الدور | editor. |
| 700 1# - المدخل الاضافى - اسم شخصى | |
| الإسم الشخصى | Swanson, Scott J., |
| الدور | editor. |
| 942 ## - عناصر المدخل الإضافي( كوها) | |
| مصدر التصنيف او مخطط الترفيف | Dewey Decimal Classification |
| Koha [default] item type | كتاب |
| 906 ## - عنصر بيانات محلى F, LDF (RLIN) | |
| a | 7 |
| b | cbc |
| c | orignew |
| d | 1 |
| e | ecip |
| f | 20 |
| g | y-gencatlg |
| حالة التراجع | حالة الفقد | حالة تلف | ليس للاعارة | المكان المؤقت | الموقع الحالى | موقع الترفيف | تاريخ الاكتساب | اجمالي اﻻعارات | رقم الطلب | الباركود | تاريخ اخر مشاهدة | تاريخ تفعيل السعر | نوع وعاء كوها |
|---|---|---|---|---|---|---|---|---|---|---|---|---|---|
| مكتبة القاهرة الكبرى | مكتبة القاهرة الكبرى | 02/25/2018 | 617.54\ S S | 164276 | 02/25/2018 | 02/25/2018 | كتاب | ||||||
| مكتبة القاهرة الكبرى | مكتبة القاهرة الكبرى | 02/25/2018 | 617.54\ S S | 164277 | 02/25/2018 | 02/25/2018 | كتاب |

